Production and operations management: Manufacturing and services (Record no. 167131)

MARC details
000 -LEADER
fixed length control field 00487nam a2200157Ia 4500
008 - FIXED-LENGTH DATA ELEMENTS--GENERAL INFORMATION
fixed length control field 231217s9999 xx 000 0 und d
041 ## - LANGUAGE CODE
Language code of text/sound track or separate title English
082 ## - DEWEY DECIMAL CLASSIFICATION NUMBER
Classification number 658.5 CHAS `R'
100 ## - MAIN ENTRY--PERSONAL NAME
Personal name Chase, Richard B Aquilano, Nicholas J Jacobs, F Robert
245 #0 - TITLE STATEMENT
Title Production and operations management: Manufacturing and services
250 ## - EDITION STATEMENT
Edition statement 8th ed.
260 ## - PUBLICATION, DISTRIBUTION, ETC.
Date of publication, distribution, etc. 1998
Name of publisher, distributor, etc. New Delhi : TMH,
300 ## - PHYSICAL DESCRIPTION
Extent xv+889
650 ## - SUBJECT ADDED ENTRY--TOPICAL TERM
Topical term or geographic name entry element Production management Operations management
942 ## - ADDED ENTRY ELEMENTS (KOHA)
Koha item type Books
Holdings
Date last seen Total checkouts Full call number Accession number Cost, total (INR) price Price effective from Category Lost status Damaged status Department Withdrawn status Home library Current library Entry date Vendor Cost, normal purchase price Grants Billnumber Billdate Currency symbol Conversion rate Discount Old discount
26/01/2024   658.5 CHAS `R' 15728 276.25 26/01/2024 Books     Central Library   Central Library Central Library 13/12/1999 Sapna Book House 325.00 MBA SBH/CRB/003435 30/07/2003 RS 1 48.75 15
26/01/2024   658.5 CHAS;1 ' R1 ' 18801 310.25 26/01/2024 Books     Central Library   Central Library Central Library 31/12/2001 Allied publ. 365.00 ME BAn/CR/009116 20/04/2015 RS 1 54.75 15
26/01/2024   658.5 CHAS;2 18802 310.25 26/01/2024 Books     Central Library   Central Library Central Library 31/12/2001 Allied publ. 365.00 ME BAn/CR/009116 24/10/2011 RS 1 54.75 15
26/01/2024   658.5 CHAS;3 18803 310.25 26/01/2024 Books     Central Library   Central Library Central Library 31/12/2001 Allied publ. 365.00 ME BAn/CR/009116 20/04/2015 RS 1 54.75 15

© For any Suggestions or Query, please contact the library staff @ librarian@pes.edu or Phone: +9180 2672 1983/ 2108.